000 02466cam a22002174a 4500
005 20250605163944.0
008 250528s ||||||||||||||||||||||||d
035 _a15131
020 _a60403519
040 _aGR-AtMCL
_bgre
_dGR-AtMCL
_eAACR2
245 1 _aInternational Business / Economics, Environment and Strategies
260 _bHarper Collins Publishers,
_c1990
300 _a792
505 0 _aPreface, Introduction, The Economic Framework of International Business: Theories and Institutions, International Trade Theories, Theories of Foreign Direct Investment and the Multinational Corporation, National Policies Affecting International Trade, The International Monetary System, The Balance of Payments, The Foreign Echange Market, Environmental Aspects of International Business, Broad Environmental Factors Facing an MNC, The Legal and Political Aspects of International Business, The Sociocultural Context of International Business, Technological Forces and Technology Transfer, Patterns of International Involvement, Operational and Strategic Aspects of International Business, A Framework for Global Strategic Management, Application of Global Strategic Management Process, Human Resource Management and Organizational Structure, International Marketing Management and Strategy, International Financial Management and Strategy, Glossary, Index.
520 _aPreface, Introduction, The Economic Framework of International Business: Theories and Institutions, International Trade Theories, Theories of Foreign Direct Investment and the Multinational Corporation, National Policies Affecting International Trade, The International Monetary System, The Balance of Payments, The Foreign Echange Market, Environmental Aspects of International Business, Broad Environmental Factors Facing an MNC, The Legal and Political Aspects of International Business, The Sociocultural Context of International Business, Technological Forces and Technology Transfer, Patterns of International Involvement, Operational and Strategic Aspects of International Business, A Framework for Global Strategic Management, Application of Global Strategic Management Process, Human Resource Management and Organizational Structure, International Marketing Management and Strategy, International Financial Management and Strategy, Glossary, Index.
700 1 _aAsheghian Parviz
_9980
700 1 _aEbrahimi Bahman
_9981
942 _cBK
999 _c725
_d725